01205nas a2200337 4500001001300000003000900013005001700022007000300039008003400042040005400076041000900130072001300139100001500152100001400167100001300181245014600194650001200340650001600352650001000368650001300378650000800391650001700399650001400416650001400430773011800444856007100562909004000633942001800673999001900691952015700710BR2019000371BR-BrBNA20231205131600.0ta230509b bl.|||p| |||| 00| 00por d aBR-BrBNAbporcBiblioteca Nacional de Agricultura a(En) aL02; L011 aAyasan, T.1 aSogut, B.1 aInci, H.1 aThe effect of different levels of lentil by product on growth performance, carcass traits and egg yield in quail (Coturnix Coturnix Japonica) aCODORNA aCRIAÇÃO aDIETA aLENTILHA aOVO aPRODUÇÃO aQUALIDADE aCARCAÇA0 tBrazilian Journal of Poultry Science (Brazil)xISSN 1806-9061 g(Oct-Dec 2018), v. 20(4) p. 773-779wBR201900037140uhttp://www.scielo.br/pdf/rbca/v20n4/1516-635X-rbca-20-04-00773.pdf a202311bLúciac55dLúcia Elande 2AGRISn0cANA c255565d255565 002AGRIS4071a41918b41918cPeriódicos Agrícolash(Oct-Dec 2018), v. 20(4) p. 773-779l0r2023-11-29t01yCRePortaria Interministerial nº 164/94